So you want to talk about race (Record no. 591022)

000 -LEADER
fixed length control field 02856cam a2200409 i 4500
001 - CONTROL NUMBER
control field 19986324
003 - CONTROL NUMBER IDENTIFIER
control field NUST
005 - DATE AND TIME OF LATEST TRANSACTION
control field 20220825160553.0
008 - FIXED-LENGTH DATA ELEMENTS--GENERAL INFORMATION
fixed length control field 170911s2018 nyu 000 0 eng
010 ## - LIBRARY OF CONGRESS CONTROL NUMBER
LC control number 2017041919
020 ## - INTERNATIONAL STANDARD BOOK NUMBER
International Standard Book Number 9781580056779 (hardback)
038 ## - RECORD CONTENT LICENSOR
Staff Name Azhar
040 ## - CATALOGING SOURCE
Original cataloging agency DLC
Language of cataloging eng
Transcribing agency DLC
Description conventions rda
Modifying agency DLC
042 ## - AUTHENTICATION CODE
Authentication code pcc
043 ## - GEOGRAPHIC AREA CODE
Geographic area code n-us---
050 00 - LIBRARY OF CONGRESS CALL NUMBER
Classification number E184.A1
Item number O454 2018
082 00 - DEWEY DECIMAL CLASSIFICATION NUMBER
Classification number 305.800973
Author Mark OLU
084 ## - OTHER CLASSIFICATION NUMBER
Classification number SOC001000
-- SOC056000
-- POL004000
Number source bisacsh
100 1# - MAIN ENTRY--PERSONAL NAME
Personal name Oluo, Ijeoma,
Relator term author.
9 (RLIN) 97320
245 10 - TITLE STATEMENT
Title So you want to talk about race
Statement of responsibility, etc. Ijeoma Oluo.
250 ## - EDITION STATEMENT
Edition statement First edition.
260 ## - PUBLICATION, DISTRIBUTION, ETC.
Place of publication, distribution, etc. New York, NY :
Name of publisher, distributor, etc. Seal Press,
Date of publication, distribution, etc. 2018
300 ## - PHYSICAL DESCRIPTION
Extent v, 248 pages ;
Dimensions 24 cm
336 ## - CONTENT TYPE
Content type term text
Content type code txt
Source rdacontent
337 ## - MEDIA TYPE
Media type term unmediated
Media type code n
Source rdamedia
338 ## - CARRIER TYPE
Carrier type term volume
Carrier type code nc
Source rdacarrier
520 ## - SUMMARY, ETC.
Summary, etc. "A current, constructive, and actionable exploration of today's racial landscape, offering straightforward clarity that readers of all races need to contribute to the dismantling of the racial divide. In So You Want to Talk About Race, Editor at Large of The Establishment, Ijeoma Oluo offers a contemporary, accessible take on the racial landscape in America, addressing head-on such issues as privilege, police brutality, intersectionality, micro-aggressions, the Black Lives Matter movement, and the "N" word. Perfectly positioned to bridge the gap between people of color and white Americans struggling with race complexities, Oluo answers the questions readers don't dare ask, and explains the concepts that continue to elude everyday Americans. Oluo is an exceptional writer with a rare ability to be straightforward, funny, and effective in her coverage of sensitive, hyper-charged issues in America. Her messages are passionate but finely tuned, and crystalize ideas that would otherwise be vague by empowering them with aha-moment clarity. Her writing brings to mind voices like Ta-Nehisi Coates and Roxane Gay, and Jessica Valenti in Full Frontal Feminism, and a young Gloria Naylor, particularly in Naylor's seminal essay "The Meaning of a Word.""--
Assigning source Provided by publisher.
650 #0 - SUBJECT ADDED ENTRY--TOPICAL TERM
Topical term or geographic name entry element Intercultural communication.
9 (RLIN) 12564
650 #7 - SUBJECT ADDED ENTRY--TOPICAL TERM
Topical term or geographic name entry element SOCIAL SCIENCE / Ethnic Studies / African American Studies.
Source of heading or term bisacsh
9 (RLIN) 97321
650 #7 - SUBJECT ADDED ENTRY--TOPICAL TERM
Topical term or geographic name entry element SOCIAL SCIENCE / Black Studies (Global).
Source of heading or term bisacsh
9 (RLIN) 97322
650 #7 - SUBJECT ADDED ENTRY--TOPICAL TERM
Topical term or geographic name entry element POLITICAL SCIENCE / Political Freedom & Security / Civil Rights.
Source of heading or term bisacsh
9 (RLIN) 97323
651 #0 - SUBJECT ADDED ENTRY--GEOGRAPHIC NAME
Geographic name United States
General subdivision Race relations.
9 (RLIN) 1188
776 08 - ADDITIONAL PHYSICAL FORM ENTRY
Relationship information Online version:
Main entry heading Oluo, Ijeoma, author.
Title So you want to talk about race
Edition First edition.
Place, publisher, and date of publication New York, NY : Seal Press, 2018
International Standard Book Number 9781580056786
Record control number (DLC) 2017043938
906 ## - LOCAL DATA ELEMENT F, LDF (RLIN)
a 7
b cbc
c orignew
d 1
e ecip
f 20
g y-gencatlg
942 ## - ADDED ENTRY ELEMENTS (KOHA)
Source of classification or shelving scheme
Koha item type Lincoln Corner
Holdings
Withdrawn status Lost status Source of classification or shelving scheme Damaged status Not for loan Permanent Location Current Location Shelving location Date acquired Full call number Barcode Date last seen Price effective from Koha item type
          Central Library (CL) Central Library (CL) Lincoln Corner 08/15/2022 305.800973 OLU LC-338 08/15/2022 08/15/2022 Reference
© 2023 Central Library, National University of Sciences and Technology. All Rights Reserved.